Environment : (Record no. 79110)

MARC details
000 -LEADER
fixed length control field 00985nam a22002417a 4500
005 - DATE AND TIME OF LATEST TRANSACTION
control field 20190920145039.0
010 ## - LCCN (DPL NO)
LC control number B-522125-137
020 ## - INTERNATIONAL STANDARD BOOK NUMBER
International Standard Book Number 9788131913352
Terms of availability 125.00
035 ## - SYSTEM CONTROL NUMBER
System control number B-522125-137
037 ## - SOURCE OF ACQUISITION
Source of stock number/acquisition BBB/Ven.
Stock number dpl
082 ## - DEWEY DECIMAL CLASSIFICATION NUMBER
Classification number 363.73874
245 ## - TITLE STATEMENT
Title Environment :
Remainder of title global warming /
Statement of responsibility, etc edited by Anil Kumar Tomar [and] Hitesh Iplani; iilustrated by Suman S. Roy [and] Tanoy Choudhury
260 ## - PUBLICATION, DISTRIBUTION, ETC. (IMPRINT)
Place of publication, distribution, etc New Delhi
Name of publisher, distributor, etc Pegasus an imprint of B. Jain Publishers
Date of publication, distribution, etc 00??
270 ## - ADDRESS
Address 1921/10, Chuna Mandi, Paharganj,
City New Delhi
Postal code 110055
300 ## - PHYSICAL DESCRIPTION
Extent 31p. :
Dimensions 26cm(Hb)
Other physical details col.ill.
490 ## - SERIES STATEMENT
Series statement Pegasus encyclopedia library
500 ## - GENERAL NOTE
General note Includes index
700 ## - ADDED ENTRY--PERSONAL NAME
Personal name Tomar, Anil Kumar
700 ## - ADDED ENTRY--PERSONAL NAME
Personal name Iplani, Hitesh
942 ## - ADDED ENTRY ELEMENTS (KOHA)
Source of classification or shelving scheme Dewey Decimal Classification
Item type Children Books
Call number suffix ENV
Classification part 363.73874
Holdings
Withdrawn status Lost status Not for loan Collection code Home library Current library Date acquired Source of acquisition Cost, normal purchase price Full call number Barcode Copy number Cost, replacement price Koha item type
      Non-fiction Ashok Vihar Ashok Vihar 20/09/2019 Gift /Eng /13.09.2019 125.00 363.73874 ENV B-730146 1 125.00 Children Books
  Written-off vide DLB M. No. 383 dt 16.05.19   Non-fiction Central Jail Tihar Central Jail Tihar 06/12/2013 BBB/IN10452/28.03.2013/202/20.03.2013/28.03.2013 125.00 363.73874 ENV B-522130 1 125.00 Children Books
      Non-fiction Central Library Central Library 06/12/2013 BBB/IN10452/28.03.2013/202/20.03.2013/28.03.2013 125.00 363.73874 ENV B-522125 1 125.00 Children Books
      Non-fiction Diz Area Diz Area 06/12/2013 BBB/IN10452/28.03.2013/202/20.03.2013/28.03.2013 125.00 363.73874 ENV B-522131 1 125.00 Children Books
Withdrawn     Non-fiction Janak Puri Janak Puri 06/12/2013 BBB/IN10452/28.03.2013/202/20.03.2013/28.03.2013 125.00 363.73874 ENV B-522132 1 125.00 Children Books
      Non-fiction Karol Bagh Karol Bagh 06/12/2013 BBB/IN10452/28.03.2013/202/20.03.2013/28.03.2013 125.00 363.73874 ENV B-522134 1 125.00 Children Books
  Written-off vide DLB M. No. 383 dt 16.05.19   Non-fiction Kasturba Gandhi Marg Kasturba Gandhi Marg 06/12/2013 BBB/IN10452/28.03.2013/202/20.03.2013/28.03.2013 125.00 363.73874 ENV B-522127 1 125.00 Children Books
      Non-fiction Narela Narela 06/12/2013 BBB/IN10452/28.03.2013/202/20.03.2013/28.03.2013 125.00 363.73874 ENV B-522136 1 125.00 Children Books
      Non-fiction New Rohtak Road New Rohtak Road 06/12/2013 BBB/IN10452/28.03.2013/202/20.03.2013/28.03.2013 125.00 363.73874 ENV B-522135 1 125.00 Children Books
      Non-fiction Patel Nagar Patel Nagar 06/12/2013 BBB/IN10452/28.03.2013/202/20.03.2013/28.03.2013 125.00 363.73874 ENV B-522126 1 125.00 Children Books
Written off Written-off vide DLB M. No. 388 dt 23.02.22   Non-fiction Peshwa Road Peshwa Road 06/12/2013 BBB/IN10452/28.03.2013/202/20.03.2013/28.03.2013 125.00 363.73874 ENV B-522128 1 125.00 Children Books
  Written-off vide DLB M. No. 383 dt 16.05.19   Non-fiction Sarojini Nagar Sarojini Nagar 06/12/2013 BBB/IN10452/28.03.2013/202/20.03.2013/28.03.2013 125.00 363.73874 ENV B-522133 1 125.00 Children Books
      Non-fiction Shahdara Branch Shahdara Branch 06/12/2013 BBB/IN10452/28.03.2013/202/20.03.2013/28.03.2013 125.00 363.73874 ENV B-522137 1 125.00 Children Books
      Non-fiction Tri Nagar Tri Nagar 06/12/2013 BBB/IN10452/28.03.2013/202/20.03.2013/28.03.2013 125.00 363.73874 ENV B-522129 1 125.00 Children Books

© Delhi Public Library
Hit Counter
free hit counter